MARC

Tag First Indicator Second Indicator Subfields
LEADER 00000cam a2200000 i 4500
001 in00000064831
005 20151008050717.0
008 150910s1979 dcua b 10110 eng
010 |a  79084405  
020 |c $25.00 
035 |a (OCoLC)05263677 
035 |9 AAG2809AM 
040 |a DLC  |c DLC  |d TXA  |d UtOrBLW 
049 |a TXAM  |c 1 [1190861], 2 [1115127], 3 [A11519556] 
050 0 0 |a T62  |b .W64 1979 
082 0 |a 620/.007/15 
111 2 |a World Conference on Continuing Engineering Education  |n (1st :  |d 1979 :  |c Mexico) 
245 1 0 |a Proceedings /  |c First World Conference on Continuing Engineering Education, Mexico, April 25-27, 1979 ; editors, Lawrence P. Grayson, Joseph M. Biedenbach. 
264 1 |a Washington :  |b American Society for Engineering Education,  |c [1979] 
264 4 |c ©1979 
300 |a xviii, 382 pages :  |b illustrations ;  |c 29 cm. 
336 |a text  |b txt  |2 rdacontent 
337 |a unmediated  |b n  |2 rdamedia 
338 |a volume  |b nc  |2 rdacarrier 
504 |a Includes bibliographical references. 
650 0 |a Engineering  |x Study and teaching (Continuing education)  |x Congresses. 
700 1 |a Grayson, Lawrence P. 
700 1 |a Biedenbach, Joseph M. 
710 2 |a American Society for Engineering Education. 
999 |a MARS 
999 f f |s 0349169d-d706-380a-b6bc-56f9fca4067d  |i 0e490617-8560-356a-ad40-54320eb6c593  |t 0 
952 f f |p ric  |a Texas A&M University  |b Rellis Campus  |c Joint Library Facility  |d Remote Storage  |t 0  |e T62 .W64 1979  |h Library of Congress classification  |i unmediated -- volume  |m A14805273079 
998 f f |a T62 .W64 1979  |t 0  |l Remote Storage